Breves apuntes y observaciones sobre el Universo / (Record no. 138686)

MARC details
000 -LEADER
campo de control de longitud fija 00533nam a2200181 4500
001 - NÚMERO DE CONTROL
campo de control 138686
003 - IDENTIFICADOR DE NÚMERO DE CONTROL
campo de control ES-MaACL
005 - FECHA Y HORA DE LA ÚLTIMA TRANSACCIÓN
campo de control 20230906195620.0
007 - CAMPO FIJO DE DESCRIPCIÓN FÍSICA--INFORMACIÓN GENERAL
campo de control de longitud fija t|
008 - DATOS DE LONGITUD FIJA--INFORMACIÓN GENERAL
campo de control de longitud fija 070214s1903 sp r ||||1| spa d
100 1# - ENTRADA PRINCIPAL--NOMBRE DE PERSONA
Nombre de persona Santiago Concha, Pedro de.
9 (RLIN) 103395
245 10 - MENCIÓN DEL TÍTULO
Título Breves apuntes y observaciones sobre el Universo /
Mención de responsabilidad, etc. Pedro de Santiago Concha.
260 ## - PUBLICACIÓN, DISTRIBUCIÓN, ETC.
Lugar de publicación, distribución, etc. Madrid :
Nombre del editor, distribuidor, etc. [s. n.],
Fecha de publicación, distribución, etc. 1903 (
Fabricante J. Montero)
300 ## - DESCRIPCIÓN FÍSICA
Extensión 184 p. ;
Dimensiones 20 x 12 cm.
852 ## - LOCALIZACIÓN
Ubicación ES-MaACL
Número de control de estantería G-12291
852 ## - LOCALIZACIÓN
Ubicación ES-MaACL
Número de control de estantería D-3014
Holdings
Estatus retirado Estado de pérdida Fuente del sistema de clasificación o colocación Estado de daño Restricciones de uso No para préstamo Biblioteca de origen Biblioteca actual Ubicación en estantería Fecha de adquisición Total de préstamos Signatura topográfica completa Código de barras Visto por última vez Precio de reemplazo Tipo de ítem Koha Fuente de adquisición
    Clasificación decimal universal   Duplicado   Biblioteca del Ateneo de Madrid Biblioteca del Ateneo de Madrid Sala Pecera Planta 3 17/01/2008   G-12291 1144316 23/02/2023 23/02/2023 Libro impreso  
            Biblioteca del Ateneo de Madrid Biblioteca del Ateneo de Madrid Sala Valle Inclán 17/01/2008   D-3014 901144317 23/02/2023 23/02/2023 Libro impreso